Entry Personal Name
Number of records used in: 2
001 - CONTROL NUMBER
003 - CONTROL NUMBER IDENTIFIER
005 - DATE AND TIME OF LATEST TRANSACTION
- control field:
20231007114214.0
008 - FIXED-LENGTH DATA ELEMENTS
- fixed length control field:
170629n| azannaabn |a aaa
010 ## - LIBRARY OF CONGRESS CONTROL NUMBER
- LC control number:
n 2017242889
040 ## - CATALOGING SOURCE
- Original cataloging agency:
DLC
- Language of cataloging:
eng
- Description conventions:
rda
- Transcribing agency:
DLC
- Modifying agency:
DLC
053 #0 - LC CLASSIFICATION NUMBER
- Classification number element--single number or beginning number of span:
PR9499.4.M848
100 1# - HEADING--PERSONAL NAME
- Personal name:
Mukhoty, Ira
370 ## - ASSOCIATED PLACE
- Place of residence/headquarters:
Delhi (India)
- Source of term:
naf
372 ## - FIELD OF ACTIVITY
- Field of activity:
Feminism
- Field of activity:
Natural history
- Source of term:
lcsh
374 ## - OCCUPATION
- Occupation:
Feminist authors
377 ## - ASSOCIATED LANGUAGE
400 0# - SEE FROM TRACING--PERSONAL NAME
- Personal name:
Ira Mukhoty
670 ## - SOURCE DATA FOUND
- Source citation:
Heroines, 2017:
- Information found:
t.p. (Ira Mukhoty) jacket (educated in Delhi and Cambridge; studied natural sciences; lives in Delhi) introduction (writes on feminism)